000 00519nam a2200253Ia 4500
001 068532
003 YMCAF
005 20230512160527.0
008 100717s1983 ||||||||||||||||| ||und|d
020 _a-
024 _a68532
035 _a7995
040 _aYMCAF
_beng
_cIN-KoLT
041 _aeng
082 _a621.31
_bELG
100 _aELGERD, OLLE I
245 0 _aELECTRIC ENERGY SYSTEMS THEORY
250 _a-
260 _bTMH
_c1983
300 _a533
653 _a-
653 _a-
942 _2ddc
_cBK
999 _c5101
_d5101